Geographical Features from 'F' - Statistics

General Stats
  • This quiz has been taken 57 times
  • The average score is 8 of 16
Answer Stats
Picture Hint Answer % Correct
Country Finland
98%
Country Fiji
94%
Country France
88%
San Andreas Fault
79%
Belgian Region Flanders
79%
Island Falkland
65%
Island Faroe
65%
US State Florida
63%
Japanese City Fukuoka
58%
National Capital Freetown
56%
Brazilian City Fortaleza
50%
Valley Fergana
8%
National Park Fiordland
2%
Glacier Fedchenko
0%
Mountain Fee
0%
Dam Fort Peck
0%
No matching quizzes found
Score Distribution
Percent of People with Each Score
Percentile by Number Answered
Your Score History
You have not taken this quiz